[Event "Izhevsk-ch"]
[Site "Izhevsk"]
[Date "2010.02.20"]
[Round "6"]
[White "Kotchnev, Andrey"]
[Black "Gainullin, Yakov"]
[Result "1/2-1/2"]
[WhiteElo "2067"]
[BlackElo "2125"]
[PlyCount "75"]
[EventDate "2010.02.12"]
[EventType "swiss"]
[EventRounds "9"]
[EventCountry "RUS"]
[SourceTitle "EXT 2012"]
[Source "ChessBase"]
[SourceDate "2011.11.24"]
[SourceVersion "1"]
[SourceVersionDate "2011.11.24"]
[SourceQuality "1"]

1. e4 c5 2. Nc3 Nc6 3. g3 g6 4. Bg2 Bg7 5. Nge2 d6 6. d3 e6 7. Be3 Nd4 8. 0-0 Ne7 9. Qd2 0-0 10. Nd1 Nxe2+ 11. Qxe2 Nc6 12. c3 Rb8 13. Qd2 Qa5 14. Bh6 Bxh6 15. Qxh6 Bd7 16. h4 b5 17. h5 c4 18. d4 b4 19. d5 exd5 20. exd5 Ne5 21. cxb4 Rxb4 22. Nc3 f5 23. hxg6 hxg6 24. f4 Qb6+ 25. Kh1 Rf7 26. Ne4 fxe4 27. fxe5 Bf5 28. Rxf5 gxf5 29. Qg6+ Kf8 30. e6 Rg7 31. Qf6+ Kg8 32. e7 Rh7+ 33. Bh3 Rxh3+ 34. Kg2 Rxg3+ 35. Kxg3 Qe3+ 36. Kh4 Qf4+ 37. Kh5 Qg4+ 38. Kh6 1/2-1/2

[Event "Izhevsk op"]
[Site "Izhevsk"]
[Date "2009.07.23"]
[Round "9"]
[White "Gainullin, Yakov"]
[Black "Abashev, Alex"]
[Result "1-0"]
[WhiteElo "2106"]
[BlackElo "2256"]
[PlyCount "93"]
[EventDate "2009.07.15"]
[EventType "swiss"]
[EventRounds "9"]
[EventCountry "RUS"]
[SourceTitle "EXT 2010"]
[Source "ChessBase"]
[SourceDate "2010.11.25"]
[SourceVersion "1"]
[SourceVersionDate "2010.11.25"]
[SourceQuality "1"]

1. e4 c5 2. Nf3 d6 3. d4 cxd4 4. Nxd4 Nf6 5. Nc3 a6 6. Be2 e6 7. 0-0 Be7 8. Kh1 Qc7 9. a4 Nc6 10. f4 0-0 11. Nb3 b6 12. Bf3 Bb7 13. Be3 Rac8 14. Rf2 Nd7 15. Rd2 Rfd8 16. Qg1 Nc5 17. Qf2 Bf6 18. a5 Nxa5 19. Bxc5 dxc5 20. Nxa5 bxa5 21. e5 Be7 22. Be4 f5 23. exf6 Bxf6 24. Re2 Rd4 25. Qg3 Rb4 26. Bxb7 Qxb7 27. Rxe6 Qf7 28. f5 Bxc3 29. bxc3 Rb7 30. Qe5 Rf8 31. g4 Qd7 32. Qxc5 Rc8 33. Qe5 Rb5 34. Qe4 Rxc3 35. Re1 Qd5 36. Re8+ Kf7 37. Re7+ Kf6 38. Qxd5 Rxd5 39. R1e6+ Kg5 40. Rxg7+ Kf4 41. Re1 Rxc2 42. f6 Rdd2 43. Rxh7 Kxg4 44. f7 Rd8 45. Rg7+ Kf3 46. Rg3+ Kf2 47. Rgg1 1-0

[Event "Izhevsk op"]
[Site "Izhevsk"]
[Date "2009.07.19"]
[Round "5"]
[White "Gainullin, Yakov"]
[Black "Ivanov, Vladimir1111"]
[Result "1-0"]
[WhiteElo "2106"]
[BlackElo "2093"]
[PlyCount "80"]
[EventDate "2009.07.15"]
[EventType "swiss"]
[EventRounds "9"]
[EventCountry "RUS"]
[SourceTitle "EXT 2010"]
[Source "ChessBase"]
[SourceDate "2010.11.25"]
[SourceVersion "1"]
[SourceVersionDate "2010.11.25"]
[SourceQuality "1"]

1. e4 e5 2. Nf3 Nc6 3. d4 exd4 4. Nxd4 Bc5 5. Be3 Qf6 6. c3 Nge7 7. g3 Bb6 8. Bg2 d6 9. 0-0 Bd7 10. Na3 0-0 11. Nac2 Ne5 12. Qe2 a6 13. a4 c5 14. Nb3 Be6 15. Nd2 Rad8 16. c4 Ng4 17. Rab1 Nxe3 18. Nxe3 Ba5 19. Nb3 Bb4 20. Qc2 Bd7 21. Nc1 Bc6 22. Nd3 Ba5 23. Rbd1 b5 24. axb5 axb5 25. b3 Ra8 26. Nf4 bxc4 27. Nxc4 Bc7 28. Rfe1 Rfb8 29. h4 h6 30. Ne3 Ba5 31. e5 dxe5 32. Ng4 Qf5 33. Qxf5 Nxf5 34. Bxc6 exf4 35. Re5 Ra6 36. Rxc5 fxg3 37. Rxf5 gxf2+ 38. Nxf2 Rxb3 39. Bd5 Rf6 40. Rxf6 gxf6 1-0

[Event "Voronezh op-B 13th"]
[Site "Voronezh"]
[Date "2009.06.13"]
[Round "2"]
[White "Gainullin, Yakov"]
[Black "Lopukhin, Anatoly Viktorovich"]
[Result "0-1"]
[WhiteElo "2106"]
[BlackElo "2248"]
[PlyCount "32"]
[EventDate "2009.06.12"]
[EventType "swiss"]
[EventRounds "9"]
[EventCountry "RUS"]
[SourceTitle "CBM 130 Extra"]
[Source "ChessBase"]
[SourceDate "2009.07.02"]
[SourceVersion "2"]
[SourceVersionDate "2009.07.15"]
[SourceQuality "1"]

1. e4 Nf6 2. Nc3 e5 3. f4 d5 4. fxe5 Nxe4 5. Nf3 Nc6 6. d4 Bb4 7. Bd2 Bg4 8. Bb5 Bxf3 9. Qxf3 Qh4+ 10. g3 Nxd2 11. Qxd5 Qh6 12. e6 0-0 13. a3 Bxc3 14. exf7+ Rxf7 15. bxc3 Qe3+ 16. Kd1 Ne4 0-1

[Event "Moscow op-B"]
[Site "Moscow"]
[Date "2009.02.06"]
[Round "7"]
[White "Merezhko, Igor"]
[Black "Gainullin, Yakov"]
[Result "1-0"]
[WhiteElo "2254"]
[BlackElo "2034"]
[PlyCount "71"]
[EventDate "2009.01.31"]
[EventType "swiss"]
[EventRounds "9"]
[EventCountry "RUS"]
[SourceTitle "EXT 2012"]
[Source "ChessBase"]
[SourceDate "2011.11.24"]
[SourceVersion "1"]
[SourceVersionDate "2011.11.24"]
[SourceQuality "1"]

1. c4 e6 2. b3 d5 3. Bb2 Nf6 4. Nf3 c5 5. g3 b6 6. Bg2 Bb7 7. 0-0 Nbd7 8. e3 Qc7 9. Qe2 Be7 10. d3 0-0 11. Nbd2 Rad8 12. Rac1 Qb8 13. e4 dxe4 14. dxe4 e5 15. Rfe1 Bd6 16. Nh4 g6 17. Nb1 Nh5 18. Nc3 Ndf6 19. Nd5 Nxd5 20. cxd5 Rde8 21. Nf5 Bc8 22. Nxd6 Qxd6 23. a3 Bd7 24. Qd2 b5 25. Qc3 c4 26. bxc4 bxc4 27. Qxc4 f5 28. Qc7 Qe7 29. exf5 Rxf5 30. Bh3 Rxf2 31. Qxd7 Rxb2 32. Qxe7 Rxe7 33. Rc8+ Kf7 34. d6 Reb7 35. d7 Nxg3 36. d8Q 1-0

[Event "Privolzhskogo FO-ch"]
[Site "Kazan"]
[Date "2009.01.29"]
[Round "9"]
[White "Gainullin, Yakov"]
[Black "Svetlov, Dmitry"]
[Result "0-1"]
[WhiteElo "2035"]
[BlackElo "2328"]
[PlyCount "76"]
[EventDate "2009.01.21"]
[EventType "swiss"]
[EventRounds "9"]
[EventCountry "RUS"]
[SourceTitle "EXT 2010"]
[Source "ChessBase"]
[SourceDate "2010.11.25"]
[SourceVersion "1"]
[SourceVersionDate "2010.11.25"]
[SourceQuality "1"]

1. e4 c6 2. d4 d5 3. e5 Bf5 4. Nd2 e6 5. Nb3 Nd7 6. Nf3 h5 7. h4 Ne7 8. Be2 Bg4 9. Ng5 Bxe2 10. Qxe2 Nf5 11. g3 Qb6 12. Be3 c5 13. c3 c4 14. Nc1 f6 15. exf6 gxf6 16. Nh3 Bd6 17. Nf4 0-0-0 18. Qc2 Qc6 19. Nce2 Ng7 20. 0-0-0 f5 21. Ng6 Rhg8 22. Bg5 Rde8 23. Rhe1 b5 24. Qd2 a5 25. Nef4 b4 26. Re2 Nb6 27. Bf6 Na4 28. cxb4 c3 29. bxc3 Bxb4 30. Re3 Nxc3 31. Rxc3 Bxc3 32. Qc2 Kb8 33. Ne7 Rxe7 34. Bxe7 Rc8 35. Qb3+ Ka8 36. Rd3 Bxd4+ 37. Kd2 Qc1+ 38. Ke2 Rc2+ 0-1

[Event "Udmurtia-ch"]
[Site "Izhevsk"]
[Date "2008.12.14"]
[Round "4"]
[White "Gainullin, Yakov"]
[Black "Bronnikov, Konstantin Alexandr"]
[Result "1/2-1/2"]
[WhiteElo "2017"]
[BlackElo "2285"]
[PlyCount "72"]
[EventDate "2008.12.12"]
[EventType "tourn"]
[EventRounds "11"]
[EventCountry "RUS"]
[SourceTitle "EXT 2010"]
[Source "ChessBase"]
[SourceDate "2010.11.25"]
[SourceVersion "1"]
[SourceVersionDate "2010.11.25"]
[SourceQuality "1"]

1. e4 c5 2. Nf3 a6 3. d4 cxd4 4. Nxd4 Nf6 5. Nc3 e5 6. Nb3 Bb4 7. Bd2 Nc6 8. Bd3 d5 9. exd5 Nxd5 10. Qf3 Nxc3 11. bxc3 Be7 12. 0-0 0-0 13. Be4 Be6 14. Rad1 Qc8 15. Rde1 f5 16. Bxc6 bxc6 17. Rxe5 Bd6 18. Re3 Bd5 19. Qh3 Rf6 20. Nd4 c5 21. Nf3 Bxa2 22. Rfe1 Bf7 23. Ne5 f4 24. Qxc8+ Rxc8 25. Rd3 Bxe5 26. Rxe5 a5 27. Rd7 a4 28. Ra7 Rd6 29. Be1 Re8 30. Rxe8+ Bxe8 31. c4 Rd4 32. f3 Rxc4 33. c3 h6 34. Kf2 Bb5 35. Ra5 Be8 36. Ke2 a3 1/2-1/2

[Event "PriFR-ch U16"]
[Site "Penza"]
[Date "2008.11.05"]
[Round "3"]
[White "Gainullin, Yakov"]
[Black "Ulanov, Alexandr"]
[Result "0-1"]
[WhiteElo "2017"]
[BlackElo "2303"]
[PlyCount "100"]
[EventDate "2008.11.03"]
[EventType "swiss"]
[EventRounds "9"]
[EventCountry "RUS"]
[SourceTitle "EXT 2022"]
[Source "ChessBase"]
[SourceDate "2021.10.06"]
[SourceVersion "1"]
[SourceVersionDate "2021.10.06"]
[SourceQuality "1"]

1. e4 d5 2. exd5 Qxd5 3. Nc3 Qa5 4. Nf3 c6 5. Bc4 Bf5 6. h3 e6 7. d3 Nf6 8. Bd2 Nbd7 9. g4 Bg6 10. Qe2 Qc7 11. 0-0-0 0-0-0 12. Nh4 Bd6 13. Rdf1 Nd5 14. Bxd5 exd5 15. f4 Rhe8 16. Qf3 f6 17. f5 Bf7 18. d4 Qb6 19. Bf4 Bb4 20. Rd1 Qa5 21. Rd3 Nb6 22. a3 Nc4 23. Nb1 Bf8 24. Ng2 Qb6 25. b4 a5 26. c3 axb4 27. axb4 Qa6 28. Rh2 Ne5 29. dxe5 fxe5 30. Qd1 exf4 31. Nxf4 Bxb4 32. cxb4 Qc4+ 33. Rc2 Qxf4+ 34. Qd2 Re1+ 35. Kb2 Re4 36. Qxf4 Rxf4 37. Kb3 g6 38. b5 Kd7 39. Rdd2 Rf3+ 40. Kb2 gxf5 41. Rf2 fxg4 42. hxg4 Rxf2 43. Rxf2 Bg6 44. Nc3 Re8 45. Rd2 Ke6 46. Kb3 Rf8 47. Rd4 Ke5 48. Ra4 d4 49. bxc6 dxc3 50. cxb7 c2 0-1

[Event "PriFR-ch U16"]
[Site "Gorodets"]
[Date "2007.11.??"]
[Round "2"]
[White "Gainullin, Yakov"]
[Black "Bukavshin, Ivan"]
[Result "1/2-1/2"]
[WhiteElo "2002"]
[BlackElo "2248"]
[PlyCount "59"]
[EventDate "2007.11.02"]
[EventType "swiss"]
[EventRounds "9"]
[EventCountry "RUS"]
[SourceTitle "EXT 2022"]
[Source "ChessBase"]
[SourceDate "2021.10.06"]
[SourceVersion "1"]
[SourceVersionDate "2021.10.06"]
[SourceQuality "1"]

1. e4 c5 2. Nf3 d6 3. d4 cxd4 4. Nxd4 Nf6 5. Nc3 Nc6 6. Be2 g6 7. Be3 Bg7 8. f3 0-0 9. Qd2 Nxd4 10. Bxd4 Be6 11. 0-0 Qa5 12. Rad1 Rfc8 13. f4 a6 14. b3 Nd7 15. Bxg7 Kxg7 16. Na4 Qxd2 17. Rxd2 f6 18. f5 gxf5 19. exf5 Bf7 20. c4 Rab8 21. Rf3 b5 22. Nb2 Ne5 23. Rg3+ Kf8 24. cxb5 axb5 25. Nd3 Nxd3 26. Rgxd3 Rc5 27. g4 h5 28. h3 hxg4 29. hxg4 Ra8 30. Bf3 1/2-1/2